Statistics for Three Biggest Islands by Country

Click here to take the quiz!

General Stats

  • This quiz has been taken 174 times
    (172 since last reset)
  • The average score is 27 of 62

Answer Stats

HintAnswer% Correct
65,022Tasmania
91%
25,662Sicily
88%
544,150Borneo
84%
507,451Baffin Island
84%
23,949Sardinia
83%
209,331Great Britain
82%
111,583North Island
82%
145,836South Island
82%
7,600,000Australia
82%
33,246Yuzhny Island
82%
47,079Severny Island
82%
225,800Honshu
82%
473,481Sumatra
80%
8,350Crete
79%
3,667Majorca
77%
78,819Hokkaido
75%
8,741Corsica
75%
10,432Hawai'i
74%
109,965Luzon
72%
14,130Ireland
71%
(2,166,086)Greenland
71%
420,540New Guinea
67%
33,210Hainan
62%
37,437Kyushu
61%
196,236Ellesmere Island
61%
2,008Tenerife
58%
217,291Victoria Island
58%
7,031Zealand
57%
97,530Mindanao
52%
8,959Puerto Rico
50%
1,641Lesbos
48%
74,493Sakhalin
47%
2,994Gotland
46%
(16,848)New Caledonia
33%
3,707Euboea
32%
224Elba
29%
539Cozumel
26%
8,975Kodiak
26%
926Rügen
23%
10,531Viti Levu
22%
1,633Fuerteventura
19%
13,075Negros
19%
373Usedom
19%
40,100Marajó
17%
1,746Stewart Island
15%
1,347Öland
13%
(6,617)Kerguelen
11%
5,587Vanua Levu
11%
2,781North Andaman
10%
185Fehmarn
9%
1,211South Andaman
9%
1,536Middle Andaman
8%
5,765Melville Island
6%
20,000Bananal
6%
1,190Tiburón Island
5%
(8,578)Disko
4%
346Orust
2%
503Zhoushan Island
2%
1,267Chongming
2%
7,700Tupinambarana
2%
945Isla Angel de la Guarda
2%
434Taveuni
1%

Score Distribution

Percentile by Number Answered

Percent of People with Each Score

Your Score History

You have not taken this quiz since the last reset